000 004640000a22001810004500
003 MACL
005 20151227134615.0
008 151227b xxu||||| |||| 00| 0 eng d
040 _aMACL
_cmacl
041 _aEnglish
082 _a010/ROY
100 _aRoy, Paul Mohan
_923233
245 _aSystematic Bibliography
_bAn Introduction
260 _bPrintwell Publishers
_c1984
_aJaipur
350 _a65
650 _aBibliography
_915346
942 _cBK
_k010/ROY
_2ddc
999 _c34431
_d34431